| 000 | 00814nam a22002535a 4500 | ||
|---|---|---|---|
| 008 | 161121t2016 xxua|||fr|||| 001 0 eng d | ||
| 020 | _a9781138892125 | ||
| 040 |
_aEG-ScBUE _beng _cEG-ScBUE |
||
| 082 | 0 | 4 |
_222 _a658.4012 _bKVI |
| 100 | 1 | _aKvint, Vladimir | |
| 245 | 1 | 0 |
_aStrategy for the global market : _btheory and practical applications / _cVladimir Kvint |
| 260 |
_aNew York : _bRoutledge, _c2016. |
||
| 300 |
_axxviii, 519 p. : _bill. ; _c26 cm. |
||
| 500 | _aIndex : p. 507-519. | ||
| 504 | _aBibliography : p. 503-506. | ||
| 590 | _aSuzan Ashmawy | ||
| 650 | 7 |
_2BUEsh _aStrategic planning. |
|
| 650 | 7 |
_2BUEsh _aCompetition, International |
|
| 650 | 7 |
_2BUEsh _aInternational trade |
|
| 650 | 7 |
_2BUEsh _aStrategy _xPhilosophy |
|
| 651 | _2BUEsh | ||
| 653 |
_bBUSECO _cNovember2016 |
||
| 942 | _2ddc | ||
| 999 |
_c23227 _d23199 |
||